00616nam a2200205Ia 4500003000900000008004100009040001300050040001300063041000800076100001800084245002500102260002000127260000900147300001000156300001000166490000600176942000700182999001700189952020400206IT-RoPAU120407s9999 xx 000 0 und d aIT-RoPAU cIT-RoPAU aita aBlaise Pascal aScritti sulla grazia aEd. di Ethica  c1966 a94 p. c21 cm v1 cBK c37288d37288 00102ddc406234_100000000000000_1471aPAULUSbPAULUSd2012-04-11l0o234.1.14r2012-04-11 00:00:00w2012-04-11yBKzInserito da: Mario In data: 19 settembre 2011 fondo: Via A.Severo 56 Progr:32481